دی لينڈمارک تھيٹر (Record no. 608134)

000 -LEADER
fixed length control field 00634nam a2200193 a 4500
003 - CONTROL NUMBER IDENTIFIER
control field OSt
005 - DATE AND TIME OF LATEST TRANSACTION
control field 20240226100348.0
008 - FIXED-LENGTH DATA ELEMENTS--GENERAL INFORMATION
fixed length control field 180309t2008 pk | |||| 00| d urd d
040 ## - CATALOGING SOURCE
Transcribing agency 0
082 ## - DEWEY DECIMAL CLASSIFICATION NUMBER
Classification number 891.4392
Author Mark PAK 2008
100 1# - MAIN ENTRY--PERSONAL NAME
Personal name Pakistan National Council Of The Arts
9 (RLIN) 121291
245 00 - TITLE STATEMENT
Title دی لينڈمارک تھيٹر
Statement of responsibility, etc. Pakistan National Council Of The Arts
246 ## - VARYING FORM OF TITLE
Title proper/short title The Landmark Theatre
260 ## - PUBLICATION, DISTRIBUTION, ETC.
Place of publication, distribution, etc. Islamabad:
300 ## - PHYSICAL DESCRIPTION
Extent 447 p.
650 ## - SUBJECT ADDED ENTRY--TOPICAL TERM
Topical term or geographic name entry element Urdu literature
General subdivision Drama
9 (RLIN) 110108
942 ## - ADDED ENTRY ELEMENTS (KOHA)
Source of classification or shelving scheme
Koha item type Book
Institution code [OBSOLETE] SADA
Call number prefix 891.4392 PAK 2008
Holdings
Withdrawn status Lost status Source of classification or shelving scheme Damaged status Not for loan Permanent Location Current Location Date acquired Source of acquisition Total Checkouts Full call number Barcode Date last seen Cost, replacement price Price effective from Koha item type
          School of Art Design and Architecture (SADA) School of Art Design and Architecture (SADA) 02/09/2018 Donation   891.4392 PAK 2008 SADAD0000247 02/26/2024 525.00 02/26/2024 Book
© 2023 Central Library, National University of Sciences and Technology. All Rights Reserved.